00871nam a22002897a 4500001000400000003000900004005001700013007000400030008002800034020001500062040002200077100002100099240002800120245015100148250001200299260003600311300002800347490002600375490000900401500002600410521003000436700002700466700002800493700002800521830002300549830000900572060DO-SdBNP20180220114746.0060151005b1992 sp 00| 0 spa d a843482910X aBPMSUbspacBPMSU1 aDickinson, Peter10aGiant cold /f1990leng10aEl gigante de hielo /cPeter Dickinson ; ilustraciones David Santaisabel ; traducción Lourdes Huanqui ; colección dirigida por Marinella Terzi a3a. ed. aMadrid :bEdiciones SM, c1992. a105 p. :bil. ;c19 cm.1 aEl barco de vaporv581 aRoja aA partir de 12 años1 aA partir de los 12 años12aTerzi, Marinellaedir.12aSantaisabel, Davideil.12aHuanqui, Lourdesetrad. 0aBarco de vaporn58 0aRoja